• 首页
  • 本馆介绍
  • 公告通知
  • 最新文献
  • 馆藏检索
  • 电子资源
  • 读者导购
  • 参考咨询
  • 我的图书馆
  • 登录
  • 详细信息显示
  • 放入我的书架
  • 预约/预借图书
  • 作者相关作品
  • 分类相关作品
  • 丛书相关作品
  • 出版社相关作品

书目信息

  • 表格格式
  • 工作单格式
  • 卡片格式
题名:
打开天窗说亮话
    
 
作者: 武和平 著
分册:  
出版信息: 北京   人民出版社  2012.02
页数: 274页
开本: 24cm
丛书名:
单 册:
中图分类: G219.20
科图分类:
主题词: 突发事件--新闻导向--案例--中国 , 突发事件 , 新闻导向
电子资源:
ISBN: 978-7-01-010533-8
000 00960nam0 2200265 45
001 1360086156
005 20130606154301.64
010    @a978-7-01-010533-8@dCNY39.00
100    @a20130513d2012 em y0chiy50 ea
101 0  @achi
102    @aCN@b110000
105    @aa z 000yy
106    @ar
200 1  @a打开天窗说亮话@ADa Kai Tian Chuang Shuo Liang Hua@e新闻发言人眼中的突发事件@EXin Wen Fa Yan Ren Yan Zhong De Tu Fa Shi Jian@f武和平著@FWu He Ping Zhu
210    @a北京@c人民出版社@d2012.02
215    @a274页@c图@d24cm
330    @a本书论证了地方形象与国家形象的关系,阐释了将民意导向公意的法治意义,提出“找开天窗说亮话”的主题。
517 1  @a新闻发言人眼中的突发事件@AXin Wen Fa Yan Ren Yan Zhong De Tu Fa Shi Jian
606 0  @a突发事件@x新闻导向@x案例@y中国
606 0  @a突发事件
606 0  @a新闻导向
690    @aG219.20@v5
701  0 @a武和平@AWu He Ping@4著
801    @aCN@bTANGWEI@c20130522
905    @b0833944-47@dG219.20@e519@f4
    
    打开天窗说亮话:新闻发言人眼中的突发事件/武和平著.-北京:人民出版社,2012.02
    274页:图;24cm
    
    
    ISBN 978-7-01-010533-8:CNY39.00
    本书论证了地方形象与国家形象的关系,阐释了将民意导向公意的法治意义,提出“找开天窗说亮话”的主题。
●
相关链接 在E读中查询图书 在五车中查询图书 在当当中查询图书 在豆瓣中查询图书


正题名:打开天窗说亮话     索取号:G219.20/519         预约/预借

序号 登录号 条形码 馆藏地/架位号 状态 备注
1 0833944   208339449   第一样本阅览室/ [索取号:G219.20/519] 在馆    
2 0833945   208339458   中文系资料室/ [索取号:G219.20/519] 在馆    
3 0833946   208339467   第四借阅区/ [索取号:G219.20/519] 在馆    
4 0833947   208339476   第四借阅区/ [索取号:G219.20/519] 在馆    
唐山师范学院图书馆 欢迎您!
大连网信软件有限公司© 版权所有